000 00717nam a2200289Ia 4500
005 20260324131753.0
008 008 260324s9999 xx 000 0 eng d
020 _a9780203495520
037 _aEBOOK
040 _aCRL
040 _beng
040 _cCRL
041 _2eng
041 _aeng
084 _qCRL
100 _aand translated by Vera Gottlieb
_91186766
245 0 _aAnton Chekhov at the Moscow Art Theatre
245 0 _bIllustrations of the Original Productions
260 _bTaylor and Francis
260 _c2005
365 _a
365 _b220
856 _uhttp://www.taylorfrancis.com/books/9780203495520
942 _cEBOOK
999 _c1784243
_d1784243